الشرق الأوسط في أعقاب الحرب العالمية الثانية : (رقم التسجيلة. 20333)
[ عرض عادي ]
| 000 -LEADER | |
|---|---|
| fixed length control field | 00656nam a22001937a 4500 |
| 005 - DATE AND TIME OF LATEST TRANSACTION | |
| control field | 20251108165028.0 |
| 008 - FIXED-LENGTH DATA ELEMENTS--GENERAL INFORMATION | |
| fixed length control field | 250721s1990 xx 000 0 ara d |
| 082 14 - DEWEY DECIMAL CLASSIFICATION NUMBER | |
| Classification number | 956.09/كير |
| 100 1# - MAIN ENTRY--PERSONAL NAME | |
| Personal name | كيرك، جورج |
| 245 10 - TITLE STATEMENT | |
| Title | الشرق الأوسط في أعقاب الحرب العالمية الثانية : |
| Remainder of title | العراق - مصر - فلسطين ... / |
| 264 ## - PRODUCTION, PUBLICATION, DISTRIBUTION, MANUFACTURE, AND COPYRIGHT NOTICE | |
| Name of producer, publisher, distributor, manufacturer | دار واسط، |
| Date of production, publication, distribution, manufacture, or copyright notice | 1990. |
| 300 ## - PHYSICAL DESCRIPTION | |
| Extent | ج |
| 650 17 - SUBJECT ADDED ENTRY--TOPICAL TERM | |
| Topical term or geographic name as entry element | تاريخ العرب |
| 650 17 - SUBJECT ADDED ENTRY--TOPICAL TERM | |
| Topical term or geographic name as entry element | الشرق الأوسط |
| 700 1# - ADDED ENTRY--PERSONAL NAME | |
| Personal name | التريتي، سليم طه |
| Relator term | ترجمة |
| 700 1# - ADDED ENTRY--PERSONAL NAME | |
| Personal name | التكرين، برهان عبد |
| Relator term | ترجمة |
| 942 ## - ADDED ENTRY ELEMENTS (KOHA) | |
| Source of classification or shelving scheme | Dewey Decimal Classification |
| Koha item type | كتب |
| حالة السحب | حالة الفقدان | مصدر التصنيف | حالة التلف | غير قابل للإعارة | المكتبة الرئيسية | المكتبة الحالية | موقع الرف | تاريخ التزويد | الرقم المتسلسل | Total Checkouts | رقم الإستدعاء | الباركود | تاريخ آخر ظهور | تاريخ الفاتورة | نوع المادة (كوها) |
|---|---|---|---|---|---|---|---|---|---|---|---|---|---|---|---|
| Dewey Decimal Classification | مكتبة الأميرة ايمان العامة | مكتبة الأميرة ايمان العامة | الإعارة | 05/11/2013 | [7110] | 956.09/كير | PLD00284888 | 28/07/2025 | 05/11/2013 | كتب |